00465 2200181 4500245005500000020002200055250001100077100002000088700002500108650001500133650002100148005001900169260003700188041001400225084001000239300002500249336000900274 aPencegahan Penyakit MenularcHarlina PribadihText a978-979-692-029-7 aCet. 1 aHarlina Pribadi aAnang Solihin Wardan aPencegahan aPenyakit Menular a20230302072458 aBandungbRemaja Rosdakaryac2011 aIndonesia a614.5 avi, 90 hlm. :cilus. atext